000 00608nam a2200229 i 4500
001 C2-0030099
003 PPAK
005 20190630222026.0
008 970216s1977 xxka|||| ||||| | eng d
020 _a0702810762
040 _aPPAK
_beng
_cPPAK
_erda
082 0 4 _a639.34
_223
090 0 0 _a639.34
_bDEN
_dG
100 1 _aDenham, Ken,
_eauthor
245 1 0 _aMarine tropical fish
264 1 _aEdinburgh :
_bJohn Bartholomew ,
_c1977
300 _a89 pages :
_billustrations ;
_c19 cm
336 _2rdacontent
_atext
337 _2rdamedia
_aunmediated
338 _2rdacarrier
_avolume
942 _ddc
_cB
999 _c5630
_d5630